Alle Städte an der Ems - Statistiken

Allgemein
  • Dieses Quiz wurde 117 mal gespielt
  • Das Durchschnittsergebnis liegt bei 12 aus 20
Antwortstatistiken
Einwohner Stadt Bundesland % Korrekt
49.913 Emden NI
99%
315.293 Münster NRW
93%
35.313 Meppen NI
91%
34.786 Leer (Ostfriesland) NI
88%
37.766 Papenburg NI
88%
54.708 Lingen (Ems) NI
87%
76.218 Rheine NRW
82%
100.861 Gütersloh NRW
70%
36.029 Emsdetten NRW
64%
48.644 Rheda-Wiedenbrück NRW
57%
23.881 Haren (Ems) NI
54%
37.157 Warendorf NRW
51%
15.946 Weener NI
44%
19.911 Telgte NRW
42%
37.753 Greven NRW
38%
26.872 Schloß Holte-Stukenbrock NRW
34%
31.989 Delbrück NRW
28%
29.545 Rietberg NRW
22%
14.193 Sassenberg NRW
19%
25.163 Harsewinkel NRW
16%
Keine übereinstimmenden Quizze gefunden
Verteilung der Resultate
Anzahl Personen mit jedem Resultat
Perzentil nach korrekt beantworteten Fragen
Ihre Resultats-Entwicklung
Sie haben dieses Quiz noch nicht gespielt